Language Quiz

Random Language Quiz

Icelandic Numbers from 1-20 Quiz Stats

 Plays Quiz not verified by Sporcle

Challenge
Share
Tweet
Embed
Score 0/20 Timer 03:00
0 Plays Today
Digit Number % Correct
1einn
94.3%
2tveir
83.9%
6sex
83.9%
8átta
77%
5fimm
75.9%
9níu
75.9%
10tíu
75.9%
4fjórir
71.3%
7sjö
66.7%
11ellefu
65.5%
Digit Number % Correct
3þrír
62.1%
12tólf
59.8%
16sextán
59.8%
15fimmtán
58.6%
14fjórtán
57.5%
20tuttugu
56.3%
13þrettán
50.6%
18átján
47.1%
19nítján
44.8%
17sautján
31%

You're not logged in!

Compare scores with friends on all Sporcle quizzes.
Join for Free
OR
Log In

You Might Also Like...

Show Comments

Extras

Created Jul 1, 2011ReportNominate
Tags:1-20, digit, icelandic

Top Quizzes Today


Score Distribution

Your Account Isn't Verified!

In order to create a playlist on Sporcle, you need to verify the email address you used during registration. Go to your Sporcle Settings to finish the process.

Report this User

Report this user for behavior that violates our Community Guidelines.

Details: